000 00446nam a2200181Ia 4500
001 19032
005 20260306171714.0
008 260306s9999||||xx |||||||||||||| ||und||
041 _aESP
082 _a658.8
_bA69B
100 _aArellano Cueva, Rolando
_eAUT
245 0 _aBueno bonito y barato:
_bel marketing que le gusta a los peruanos
260 _c2008
300 _a
_c
650 _aGEN
654 _aCAN
942 _cLIB
_dJUS
_fJUS
_2ddc
_n
999 _c19032
_d19032